000 00667nam a2200229 a 4500
999 _c11651
_d11651
001 11651
003 BD-JhCC
005 20200714090103.0
008 200714b2019 bg a|||| ||a| 000 0 ben d
020 _a9789845250849
035 _a(BD-JhCC)11651
040 _aBD-JhCC
_dBD-JhCC
041 _aben
082 _a891.4415
_bHOQ 2019
100 _aহক, সৈয়দ শামসুল
245 _aআমার শহর /
_cসৈয়দ শামসুল হক ।
260 _aঢাকা:
_bপ্রথমা প্রকাশন;
_c২০১৯.
300 _a47 p. :
_bill;
_c26 cm.
650 _aPoems
942 _2ddc
_cBK